00403cam a2200157ua 4500001000400000008003900004040000900043082001100052245004000063250000900103260004400112300002400156653002300180653002700203700001500230691110412n ii |||gr||||Z||||||eng cMAIN a342.54 aConstitution of India.cBy S Dayal. a6th. aAllahabad.:bAllahabad law agency.,967. axxxvi, 615 p.:6 cm. aPolitical science. aConstitution of India.1 aDayal, S.,